Managing part-time study : (Record no. 1045)
[ view plain ]
| 000 -LEADER | |
|---|---|
| fixed length control field | 01014nam a2200193Ia 4500 |
| 020 ## - INTERNATIONAL STANDARD BOOK NUMBER | |
| ISBN | 033521939X (pbk.) |
| 020 ## - INTERNATIONAL STANDARD BOOK NUMBER | |
| ISBN | 9780335219391 (pbk.) |
| 050 14 - CALL NUMBER | |
| Classification number | LA637.7 |
| Item number | .G22 |
| 100 1# - AUTHOR | |
| Personal name | Gatrell, Caroline. |
| 245 10 - TITLE | |
| Title | Managing part-time study : |
| Remainder of title | a guide for undergraduates and postgraduates / |
| Statement of responsibility, etc | Caroline Gatrell. |
| 260 ## - PUBLICATION INFORMATION | |
| Place of publication | Maidenhead, Berkshire, England ; |
| -- | New York, NY : |
| Name of publisher | McGraw Hill, Open University Press, |
| Year of publication | 2006. |
| 300 ## - DESCRIPTION | |
| Number of Pages | x, 166 p. ; |
| Dimensions | 23 cm. |
| 500 ## - NOTES | |
| General note | Includes bibliographic references and index |
| 505 ## - FORMATTED CONTENTS NOTE | |
| Table of Content | To be or not to be a part-time student?: Choosing and starting your course, and planning ahead --<br/>Getting down to it --<br/>strategies for managing your own learning --<br/>Practical tips for writing assignments, dissertations and theses --<br/>Plagiarism, referencing and originality --<br/>Coping with exams --<br/>The mid-term blues: getting stuck, and staying on course --<br/>What next? |
| 650 #0 - SUBJECTS | |
| Topical Term | Part-time students |
| 650 #0 - SUBJECTS | |
| Topical Term | Study skills. |
| 650 #0 - SUBJECTS | |
| Topical Term | Education - Higher |
| 942 ## - ADDED ENTRY ELEMENTS (KOHA) | |
| Koha item type | Books |
| Withdrawn status | Lost status | Home library | Current library | Shelving location | Date acquired | Full call number | Accession Number | Koha item type |
|---|---|---|---|---|---|---|---|---|
| Methodist University Library Main | Methodist University Library Main | General Stacks | 21/03/2008 | LA637.7 .G22 | 22060 | Books |